Microbial production of biopolymers and polymer precursors
Saved in:
| Main Author: | |
|---|---|
| Format: | Book |
| Language: | English |
| Published: |
Caister Academic Press
2009
|
| Subjects: | |
| Tags: |
Add Tag
No Tags, Be the first to tag this record!
|
MARC
| LEADER | 00000cam a2200000 a 4500 | ||
|---|---|---|---|
| 001 | UCG9731 | ||
| 003 | CL-VaPUC | ||
| 005 | 20210819074647.0 | ||
| 008 | 120330e20090000UK |||||||||||||||||eng|d | ||
| 999 | |c 347277 |d 347275 | ||
| 020 | |a 9781904455363 | ||
| 040 | |c Pontificia Universidad Católica de Valparaíso | ||
| 082 | 0 | 4 | |a 547.8 REH 2009 |2 21 |
| 100 | 0 | |a Rehm, Bernd H. A |9 561385 | |
| 245 | 1 | 0 | |a Microbial production of biopolymers and polymer precursors |
| 260 | 0 | 3 | |b Caister Academic Press |c 2009 |
| 300 | |a 293 páginas | ||
| 583 | |a last modification |c 20120330 10:33:00 |k Rodrigo Vera | ||
| 650 | 0 | |a Polímeros |9 271736 | |
| 650 | 7 | |a BIOPOLIMEROS |2 CL-VaPUC |9 561386 | |
| 650 | 0 | |a Biotecnología |9 259561 | |
| 650 | 0 | |a Química orgánica |9 259426 | |
| 942 | |c BK |2 ddc | ||
| 945 | |d 20120330 00:00:00 |a dcastane | ||
| 952 | |0 0 |1 0 |2 ddc |4 0 |6 547_800000000000000_REH_2009 |7 0 |8 A |9 448519 |a BIBCUR |b BIBCUR |d 2019-11-22 |i 4851242 |o 547.8 REH 2009 |p 4851242 |r 2025-04-22 |t 1 |w 2019-11-22 |y BK |k BIO | ||